000 00223 a2200097 4500
001 11304
100 _aChawla, S.
245 _aSoutheast Asia Under the New balance of power
260 _a
_bPreager
_c
090 _c8855
_d8855
942 _aNUST-CAE
_cM
_c35661
999 _c246377
_d246377